Historia de flechazo y la nube / (Registro nro. 30348)
[ vista simple ]
| 000 -LEADER | |
|---|---|
| fixed length control field | 00345nam a22001337a 4500 |
| 003 - CONTROL NUMBER IDENTIFIER | |
| control field | OSt |
| 005 - DATE AND TIME OF LATEST TRANSACTION | |
| control field | 20231128133755.0 |
| 008 - FIXED-LENGTH DATA ELEMENTS--GENERAL INFORMATION | |
| fixed length control field | 231127b |||||||| |||| 00| 0 eng d |
| 040 ## - CATALOGING SOURCE | |
| Transcribing agency | CO-JMCR |
| 082 ## - DEWEY DECIMAL CLASSIFICATION NUMBER | |
| Classification number | C / |
| Item number | MARr |
| 100 ## - MAIN ENTRY--PERSONAL NAME | |
| Personal name | Mariño Ricardo |
| Relator term | autor |
| 9 (RLIN) | 42912 |
| 245 ## - TITLE STATEMENT | |
| Title | Historia de flechazo y la nube / |
| Statement of responsibility, etc. | Ricardo Mariño |
| 942 ## - ADDED ENTRY ELEMENTS (KOHA) | |
| Source of classification or shelving scheme | Dewey Decimal Classification |
| Koha item type | Books |
| Withdrawn status | Lost status | Source of classification or shelving scheme | Damaged status | Not for loan | Home library | Current library | Date acquired | Total Checkouts | Full call number | Barcode | Date last seen | Price effective from | Koha item type | Public note |
|---|---|---|---|---|---|---|---|---|---|---|---|---|---|---|
| Dewey Decimal Classification | Biblored | Biblored | 11/27/2023 | C / MARr | 35714000219670 | 11/27/2023 | 11/27/2023 | Books | Material Interbibliotecario Biblored |